Pour les hommes - Vaïana (Paroles) - Statistiques

Statistiques générales
  • Ce quiz a été pris 587 fois
  • Le résultat moyen est 294 sur 366
Statistiques - réponses
Personnage Paroles % Correct
ce
97%
le
97%
ces
96%
Les
96%
les
96%
à
95%
a
95%
c'est
95%
C'est
95%
Ho
95%
Je
95%
je
95%
pour
95%
Pour
95%
de
94%
hommes
94%
la
94%
ma
92%
j'ai
91%
J'ai
91%
Un
91%
un
91%
vous
91%
Et
89%
et
89%
moi
89%
que
89%
qui
89%
Maui
88%
ou
88%
pas
88%
se
88%
il
87%
suis
86%
beau
85%
l'un
85%
plus
85%
si
85%
te
85%
tu
85%
Tu
85%
Oui
84%
tout
83%
demi-dieu
82%
fait
82%
peau
82%
s'en
82%
créé
81%
fort
81%
naturel
81%
passe
81%
soleil
81%
bien
80%
ça
80%
dire
80%
l'univers
80%
mer
80%
ne
80%
sens
80%
Comment
79%
comment
79%
Comprends
79%
drôle
79%
ils
79%
Maui Ils
79%
nous
79%
perfection
79%
rare
79%
sur
79%
Sur
79%
au
78%
face
78%
l'ai
78%
très
78%
cocotier
77%
deux
77%
Être
77%
feu
77%
toute
77%
vrai
77%
adorable
76%
bizarre
76%
d'enfant
76%
du
76%
jeu
76%
humains
75%
ordinaire
75%
tous
75%
vent
75%
allé
74%
dieu
74%
est
74%
peux
74%
une
74%
aiment
73%
devise
73%
îles
73%
l'origine
73%
m'en
73%
sont
73%
voilà
73%
corps
72%
phénomènes
72%
Quand
72%
vagues
72%
boire
71%
changent
71%
chercher
71%
danse
71%
jours
71%
stars
71%
beaux
70%
longs
70%
rien
70%
c'était
69%
froid
69%
lasso
69%
l'océan
69%
brise
68%
heureux
68%
Mais
68%
mes
68%
parti
68%
rendre
68%
simplement
68%
yeux
68%
attiré
67%
belle
67%
des
67%
fresque
67%
maintenant
67%
mini
67%
Ouvre
67%
cheveux
66%
l'histoire
66%
morale
66%
n'est
66%
petit
66%
cieux
65%
pendant
65%
sensationnel
65%
pincer
64%
poser
64%
dansiez
63%
soulevé
63%
ses
62%
bateau
61%
d'énergumène
61%
enterrée
61%
l'avouer
61%
cadence
60%
qu'un
60%
titanesques
60%
j'aille
59%
donne
57%
loin
57%
Maui Loin
57%
fleurs
56%
voulais
56%
leçon
55%
pouces
55%
respecte
55%
vais
54%
aller
53%
peuvent
52%
ah
51%
exploits
51%
m'offrir
51%
tué
51%
l'anguille
49%
Maui D'accord
48%
Eh
48%
eh
48%
monde
48%
Merci
47%
merveilleux
47%
supers
47%
flots
45%
Après
44%
doit
44%
hula
42%
offrir
40%
Ciao
39%
Cette
32%
fois
31%
d'aller
27%
rêvait
26%
Aucun quiz correspondant
Distribution des résultats
% des personnes avec chaque résultat
Percentile par nombre de réponses
Votre historique - résultats
Vous n’avez pas pris ce quiz